000 00244nam a2200097Ia 4500
008 230907s9999||||xx |||||||||||||| ||und||
082 _a620.14,ADV
245 0 _aAdvances in solid oxide fuel cells IX :
300 _axi, 143 pages :
942 _cBK
999 _c597453
_d597453